00851nam a2200241 a 450000100100000000500170001000800410002702000150006804000250008308200180010810000340012624500430016026000370020330000210024049000160026150000800027765000280035765000310038583000230041691000370043995201160047699900170059200004224320201002040027.0131120s1998 sp 000 f spa d a8440682328 aDO-SdBNPbspacBNPHU a863.64bB276a1 aBarrios, Nuria,d1962-96926210aAmores patológicos /cNuria Barrios. aBarcelona :bEdiciones B,c1998. a171 p. ;c24 cm.1 aFiccionario aIncluye datos biográficos de la autora en la solapa de la contracubierta. 4aNovela española91123 4aLiteratura española9632 0aFiccionario969263 aValidado. Control de calidad MFF 001050718MOaGRbGRcHDd2013-11-20iLF1l0o863.64 B276ap42243-10r2020-06-25w2020-06-25y1ZNo se presta c41732d41732